000 01093cam a2200325 a 4500
001 3401012
003 OSt
005 20260414161034.0
008 890119s1989 ilu b 000 0 eng
010 _a 89060156
020 _a1879737124
035 _a3401012
040 _aDLC
_cDLC
_dDLC
050 0 0 _aBV4647.F55
_bA33 1994
082 0 0 _a234/.5
_220
100 1 _aAdams, Jay E.
_d1929-
245 1 0 _aFrom forgiven to forgiving /
_cJay E. Adams.
260 _aAmityville, NY :
_bCalvary Press,
_cc1994.
300 _a175 p. ;
_c23 cm.
336 _atext
_btxt
_2rdacontent
337 _aunmediated
_bn
_2rdamedia
338 _avolume
_bnc
_2rdacarrier
500 _aJacket subtitle: Discover the path to biblical forgiveness.
504 _aIncludes bibliographical references.
650 0 _aForgiveness
_xReligious aspects
_xChristianity.
906 _a7
_bcbc
_corignew
_d3
_eopcn
_f19
_gy-gencatlg
942 _2lcc
_cBK
999 _c21603
_d21602